| 000 | 00496nam a2200181Ia 4500 | ||
|---|---|---|---|
| 008 | 220726s9999||||xx |||||||||||||| ||und|| | ||
| 020 | _a9789387686007 | ||
| 082 | _a610 | ||
| 082 | _bDes/P | ||
| 100 | _aDeshpande, Shilpa A. & Amale, Prashant N. | ||
| 245 | 0 | _aAs Per PCI Regulations First Year B. Pharm. Semester 1 & 2: A Practical Human Anatomy and Physiology | |
| 250 | _a5th Edition | ||
| 260 | _aPune | ||
| 260 | _bNirali Prakashan | ||
| 260 | _c2021 | ||
| 300 | _a80 | ||
| 942 | _cPB | ||
| 999 |
_c34743 _d34743 |
||